Fast Food Founding - Statistics

General Stats
  • This quiz has been taken 29 times
  • The average score is 6 of 26
Answer Stats
Year City Restaurant % Correct
1930 North Corbin, KY KFC
94%
1940 San Bernardino, CA McDonald's
76%
1953 Jacksonville, FL Burger King
53%
1971 Seattle, WA Starbucks
47%
1969 Columbus, OH Wendy's
47%
1972 Arabi, LA Popeyes
29%
1960 Rocky Mount, NC Hardee's
24%
1984 Jeffersonville, IN Papa John's
24%
1953 Shawnee, OK Sonic Drive-In
24%
1965 Bridgeport, CT Subway
24%
1964 Boardman, OH Arby's
18%
1946 Hapeville, GA Chick-fil-A
18%
1940 Joliet, IL Dairy Queen
18%
1960 Ypsilanti, MI Domino's
18%
1958 Wichita, KS Pizza Hut
18%
1962 Downey, CA Taco Bell
18%
1941 Carpinteria, CA Carl's Jr.
12%
1993 Denver, CO Chipotle
12%
1950 Quincy, MA Dunkin' Donuts
12%
1983 Champaign, IL Jimmy John's
12%
1987 Kirkwood, MO Panera Bread
12%
1950 Corpus Christi, TX Whataburger
12%
1951 San Diego, CA Jack in the Box
6%
1959 Garden City, MI Little Caesars
6%
1983 Glendale, CA Panda Express
6%
1990 Statesboro, GA Zaxby's
6%
No matching quizzes found
Score Distribution
Percent of People with Each Score
Percentile by Number Answered
Your Score History
You have not taken this quiz